Nové výzvy interného auditu v corporate governance
Corporate governance - jeho podstata a princípy. Revidované základné princípy corporate governance v roku 2004. Zlyhania a pochybenia corporate governance v priebehu finančnej krízy. Implementácia existujúcich štandardov corporate governance v bankách. Trendy v internom audite a v corporate governan...
Gespeichert in:
| 1. Verfasser: | |
|---|---|
| Weitere Verfasser: | |
| Format: | Buchkapitel |
| Sprache: | Slowakisch |
| Schlagworte: | |
| Tags: |
Keine Tags, Fügen Sie das erste Tag hinzu!
|
MARC
| LEADER | 00000nla a2200000 4500 | ||
|---|---|---|---|
| 001 | 0175022 | ||
| 005 | 20240502073002.1 | ||
| 041 | 0 | |a slo | |
| 044 | |a SK | ||
| 245 | 1 | 0 | |a Nové výzvy interného auditu v corporate governance |c Mária Klimiková, Anna Sabolová |
| 520 | |a Corporate governance - jeho podstata a princípy. Revidované základné princípy corporate governance v roku 2004. Zlyhania a pochybenia corporate governance v priebehu finančnej krízy. Implementácia existujúcich štandardov corporate governance v bankách. Trendy v internom audite a v corporate governance v kontexte finančnej krízy. | ||
| 610 | 2 | 0 | |a riadenie podnikové |
| 610 | 2 | 0 | |a metódy riadenia |
| 610 | 2 | 0 | |a audit interný |
| 610 | 2 | 0 | |a banky |
| 610 | 2 | 0 | |a kríza finančná |
| 100 | 1 | |a Klimiková, Mária | |
| 700 | 1 | |a Muchová, Martina, 1973- | |